School crime and juvenile justice
| Main Author: | |
|---|---|
| Format: | Print Book |
| Language: | English |
| Published: |
New York [u.a.]
Oxford University Press
1998
|
| In: | Year: 1998 |
| Online Access: |
Table of Contents Verlagsangaben (Publisher) |
| Availability in Tübingen: | Present in Tübingen. UB: KB 19 A 6385 |
| Check availability: | HBZ Gateway |
| Subito Delivery Service: | Order now. |
| Keywords: |
MARC
| LEADER | 00000cam a2200000 c 4500 | ||
|---|---|---|---|
| 001 | 214825876 | ||
| 003 | DE-627 | ||
| 005 | 20251222205247.0 | ||
| 007 | tu | ||
| 008 | 960828s1998 xxu||||| 00| ||eng c | ||
| 016 | 7 | |a b97W3178 |2 UK | |
| 020 | |a 0195101650 |c paper : alk. paper |9 0-19-510165-0 | ||
| 020 | |a 0195101642 |c cloth : alk. paper |9 0-19-510164-2 | ||
| 035 | |a (DE-627)214825876 | ||
| 035 | |a (DE-576)064621588 | ||
| 035 | |a (DE-599)GBV214825876 | ||
| 035 | |a (OCoLC)832713636 | ||
| 035 | |a (OCoLC)243875630 | ||
| 035 | |a (OCoLC)35198704 | ||
| 035 | |a (DE-604)8116767448 | ||
| 040 | |a DE-627 |b ger |c DE-627 |e rakwb | ||
| 041 | |a eng | ||
| 044 | |c XD-US |c XA-GB | ||
| 050 | 0 | |a LB3013.3 | |
| 082 | 0 | |a 371.5/8 |q LOC |2 20 | |
| 082 | 0 | |a 371.782 | |
| 082 | 0 | |a 371.58 | |
| 100 | 1 | |a Lawrence, Richard |0 (DE-588)1158416946 |0 (DE-627)1022069543 |0 (DE-576)503939560 |4 aut | |
| 109 | |a Lawrence, Richard |a Lawrence, Richard A. | ||
| 245 | 1 | 0 | |a School crime and juvenile justice |c Richard Lawrence |
| 263 | |a : £35.00 : CIP entry (Nov.) | ||
| 264 | 1 | |a New York [u.a.] |b Oxford University Press |c 1998 | |
| 300 | |a X, 273 S |b graph. Darst |c 25 cm | ||
| 336 | |a Text |b txt |2 rdacontent | ||
| 337 | |a ohne Hilfsmittel zu benutzen |b n |2 rdamedia | ||
| 338 | |a Band |b nc |2 rdacarrier | ||
| 500 | |a Includes bibliographical references | ||
| 583 | 1 | |a Archivierung prüfen |c 20200919 |f DE-640 |z 2 |2 pdager | |
| 583 | 1 | |a Archivierung prüfen |c 20240324 |f DE-4165 |z 1 |2 pdager | |
| 650 | 0 | |a School Violence |z United States |x Prevention | |
| 650 | 0 | |a Juvenile Delinquency |z United States |x Prevention | |
| 650 | 0 | |a Juvenile justice, Administration of |z United States | |
| 650 | 4 | |a School Violence | |
| 650 | 4 | |a School Violence |x Prevention | |
| 689 | 0 | 0 | |d g |0 (DE-588)4078704-7 |0 (DE-627)106076612 |0 (DE-576)209209682 |a USA |2 gnd |
| 689 | 0 | 1 | |d s |0 (DE-588)4053474-1 |0 (DE-627)104409630 |0 (DE-576)209103981 |a Schule |2 gnd |
| 689 | 0 | 2 | |d s |0 (DE-588)4028893-6 |0 (DE-627)106276565 |0 (DE-576)208979999 |a Jugendkriminalität |2 gnd |
| 689 | 0 | 3 | |d s |0 (DE-588)4076308-0 |0 (DE-627)104364106 |0 (DE-576)209201428 |a Prävention |2 gnd |
| 689 | 0 | |5 (DE-627) | |
| 856 | 4 | 2 | |u http://www.loc.gov/catdir/enhancements/fy0602/96034162-d.html |v 2016-12-13 |x Verlag |3 Verlagsangaben |7 1 |
| 856 | 4 | 2 | |u http://www.gbv.de/dms/spk/sbb/toc/279959206.pdf |m V:DE-601 |m B:DE-1 |q pdf/application |x Verlag |y Inhaltsverzeichnis |3 Inhaltsverzeichnis |7 1 |
| 889 | |w (DE-627)279959206 | ||
| 935 | |i mdedup | ||
| 935 | |i Blocktest | ||
| 951 | |a BO | ||
| ELC | |b 1 | ||
| LOK | |0 000 xxxxxcx a22 zn 4500 | ||
| LOK | |0 001 3236774266 | ||
| LOK | |0 003 DE-627 | ||
| LOK | |0 004 214825876 | ||
| LOK | |0 005 19980507000000 | ||
| LOK | |0 008 980309||||||||||||||||ger||||||| | ||
| LOK | |0 040 |a DE-21 |c DE-627 |d DE-21 | ||
| LOK | |0 852 |a DE-21 | ||
| LOK | |0 852 1 |c KB 19 A 6385 |9 00 | ||
| LOK | |0 935 |a krim | ||
| LOK | |0 936ln |a k4.2.2 | ||
| LOK | |0 939 |a 09-03-98 |b l01 | ||
| ORI | |a SA-MARC-krimdoka001.raw | ||
| SIG | |a UB: KB 19 A 6385 | ||
